Catálogo público

Guía de los hongos microscopicos / (Record no. 200911)

MARC details
000 -CABECERA
campo de control de longitud fija 00800nam a2200289Ia 4500
001 - NÚMERO DE CONTROL
campo de control Para_2377
003 - IDENTIFICADOR DEL NÚMERO DE CONTROL
campo de control CHAP
008 - DATOS DE LONGITUD FIJA--INFORMACIÓN GENERAL
campo de control de longitud fija 220125s1999 xx 000 0 und d
010 ## - NÚMERO DE CONTROL DE LA BIBLIOTECA DEL CONGRESO
Número de control de LC 200911
020 ## - NÚMERO INTERNACIONAL ESTÁNDAR DEL LIBRO
Número Internacional Estándar del Libro 84 - 282 - 1175 - 2
040 ## - FUENTE DE LA CATALOGACIÓN
Centro/agencia transcriptor CHAP
082 ## - NÚMERO DE LA CLASIFICACIÓN DECIMAL DEWEY
Número de clasificación PA 589.2 M86
100 ## - ENTRADA PRINCIPAL--NOMBRE DE PERSONA
Nombre de persona Muntañola i Inglada, Maria
9 (RLIN) 165747
245 ## - MENCIÓN DE TÍTULO
Título Guía de los hongos microscopicos /
Mención de responsabilidad, etc. María Muntañola i Inglada
260 ## - PUBLICACIÓN, DISTRIBUCIÓN, ETC.
Lugar de publicación, distribución, etc. Barcelona :
Nombre del editor, distribuidor, etc. Omega
300 ## - DESCRIPCIÓN FÍSICA
Extensión 167 p.
500 ## - NOTA GENERAL
Nota general Traduccion de: Guia dels fongs microscopics
650 ## - PUNTO DE ACCESO ADICIONAL DE MATERIA--TÉRMINO DE MATERIA
Término de materia o nombre geográfico como elemento de entrada Micología
9 (RLIN) 75476
650 ## - PUNTO DE ACCESO ADICIONAL DE MATERIA--TÉRMINO DE MATERIA
Término de materia o nombre geográfico como elemento de entrada Microscopio y microscopia
9 (RLIN) 75536
901 ## - ELEMENTOS DE DATOS A LOCAL LDA (RLIN)
a PA 589.2 M86
902 ## - ELEMENTOS DE DATOS B LOCAL, LDB (RLIN)
a M
905 ## - ELEMENTOS DE DATOS E LOCAL, LDE (RLIN)
a 5232201999 ad 8000000300 06
910 ## - DATOS DE OPCIÓN DEL USUARIO (OCLC)
Datos de opción del usuario 1999
942 ## - ELEMENTOS DE PUNTO DE ACCESO ADICIONAL (KOHA)
Tipo de ítem Koha Parasitologia_
942 ## - ELEMENTOS DE PUNTO DE ACCESO ADICIONAL (KOHA)
Tipo de ítem Koha Parasitologia_
-- 1
Holdings
Estado de retiro Estado de pérdida Fuente del sistema de clasificación o colocación Estado dañado Restricciones de uso No para préstamo Código de colección Localización permanente Ubicación/localización actual Fecha de adquisición Número de inventario Total de préstamos Renovaciones totales Signatura topográfica completa Código de barras Fecha visto por última vez Fecha del último préstamo Número de copia Precio válido a partir de Tipo de ítem Koha Nota pública
    Dewey Decimal Classification   Préstamo 3 días   General Parasitologia Agricola Parasitologia Agricola 25/10/2017 (PA_010698) (No. UACh C/E) 4 3 PA 589.2 M86 4102000660 06/05/2025 02/05/2025 Ej.2 25/01/2022 Libro 3
    Dewey Decimal Classification   Préstamo interno   General Parasitologia Agricola Parasitologia Agricola 27/10/2005 (PA_8016) (No. UACh C/E) 2 2 PA 589.2 M86 4102000659 03/05/2023 03/05/2023 Ej.1 25/01/2022 Libro 3